00428 2200145 4500001002100000008004100021035002000062245007200082100002700154260002400181300002400205020002200229084001900251990001200270INLIS000000000002895 IND  a0010-0925000242 aPanduan Hafalan Juz 'Amma, Doa-Doa & DzikircMuhammad Farhan, S.Ag. aMuhammad Farhan, S.Ag. aJakartabEmirc2017 a154c(19 x 24,5 cm) a978-602-0935-68-3 a297.1229 MUH p a0755290